书目信息 |
| 题名: |
心理课堂
|
|
| 作者: | 周正 主讲 ;程宇洁 编著 | |
| 分册: | ||
| 出版信息: | 上海 上海大学出版社 2006.07 |
|
| 页数: | 260页 | |
| 开本: | 21cm | |
| 丛书名: | ||
| 单 册: | ||
| 中图分类: | B848.2 | |
| 科图分类: | ||
| 主题词: | 心理学--xin li xue--青年读物 | |
| 电子资源: | ||
| ISBN: | 7-81058-969-5 | |
| 000 | 01009nam0 2200253 450 | |
| 001 | 012008413884 | |
| 005 | 20080430104102.86 | |
| 010 | @a7-81058-969-5@dCNY18.00 | |
| 100 | @a20080430d2006 em y0chiy0120 ea | |
| 101 | 0 | @achi |
| 102 | @aCN@b310000 | |
| 105 | @aa z 000yy | |
| 106 | @ar | |
| 200 | 1 | @a心理课堂@Axin li ke tang@e给大学生的50堂心理学课@f周正主讲@Fzhou zheng zhu jiang@g程宇洁编著@Gcheng yu jie bian zhu |
| 210 | @a上海@c上海大学出版社@d2006.07 | |
| 215 | @a260页@c图@d21cm | |
| 330 | @a本书是一本心理学课堂实录,取自一个女大学生的心理学课堂笔记,是原汁原味给大学生上的50堂心理学课。书中50个独立成篇的心理自励故事,为心理学课一学期的全部内容,包括负性心理、颠峰感的平庸化、疾病与健康等。 | |
| 517 | 1 | @a给大学生的50堂心理学课@Agei da xue sheng de 50 tang xin li xue ke |
| 606 | 0 | @a心理学@Axin li xue@j青年读物 |
| 690 | @aB848.2@v4 | |
| 701 | 0 | @a周正@Azhou zheng@4主讲 |
| 702 | 0 | @a程宇洁@Acheng yu jie@4编著 |
| 801 | 0 | @aCN@bQSSK@c20080430 |
| 905 | @b299643-45@dB848.2@eZ812@f3 | |
| 心理课堂:给大学生的50堂心理学课/周正主讲/程宇洁编著.-上海:上海大学出版社,2006.07 |
| 260页:图;21cm |
| ISBN 7-81058-969-5:CNY18.00 |
| 本书是一本心理学课堂实录,取自一个女大学生的心理学课堂笔记,是原汁原味给大学生上的50堂心理学课。书中50个独立成篇的心理自励故事,为心理学课一学期的全部内容,包括负性心理、颠峰感的平庸化、疾病与健康等。 |
| ● |
| 相关链接 |
|
|
|
正题名:心理课堂
索取号:B848.2/Z812
 
预约/预借
| 序号 | 登录号 | 条形码 | 馆藏地/架位号 | 状态 | 备注 |
| 1 | 299643 | 202996437 | 社科库509/509社科库 41排4列3层/ [索取号:B848.2/Z812] | 在馆 | |
| 2 | 299644 | 202996446 | 社科库509/509社科库 41排4列3层/ [索取号:B848.2/Z812] | 在馆 | |
| 3 | 299645 | 202996455 | 社科库509/509社科库 41排4列3层/ [索取号:B848.2/Z812] | 在馆 |